Champions League Winners by Logo - Sudden Death - Statistics

General Stats
  • This quiz has been taken 3,083 times
    1,894 since last reset
  • The average score is 14 of 24
Answers on the Grid
Answers color-coded by a green-red scale on the quiz's grid according to % correct below.
 
Answer Stats
Answer % Correct
Manchester City
81%
BAYERNMUNICH
72%
Porto
71%
Liverpool
68%
REALMADRID
67%
Juventus
65%
Chelsea
65%
ACMILAN
62%
BARCELONA
62%
NottinghamForest
62%
AJAX
61%
MANCHESTERUNITED
61%
ASTONVILLA
59%
INTERMILAN
58%
PSG
58%
Borussia Dortmund
54%
Benfica
53%
REDSTAR
49%
psv eindhoven
47%
Marseille
46%
Hamburg
44%
Feyenoord
43%
CELTIC
42%
FCSB
37%
No matching quizzes found
Score Distribution
Percent of People with Each Score
Percentile by Number Answered
Your Score History
You have not taken this quiz since the last reset